00850nam a2200217 a 450000100100000000500170001000800410002702000150006804000250008310000280010824000350013624501630017126000290033430000210036349000170038458600530040170000320045483000240048695201050051099900170061500004404220201002045118.0140514s1978 sp 000 0 spa d a8430621075 aDO-SdBNPbspacBNPHU1 aGilman, Stephen.97202110aThe Spain of Fernando de Rojas13aLa España de Fernando de Rojas :bpanorama intelectual y social de La Celestina /cStephen Gilman ; versión española de Pedro Rodríguez Santidrián]. aMadrid :bTaurus,c1978. a534 p. ;c22 cm.1 aPersilesv71 aTraducción de: The Spain of Fernando de Rojas.12aPedro R Santidrían972022 0aPersilesv71972023 001050718MOaGRbGRcCTd2014-05-14iLF1l0o p44042-10r2020-06-25w2020-06-25y1ZNo se presta c43531d43531